MEPS Quiz Stats

 Plays Quiz not verified by Sporcle

Challenge
Share
Tweet
Embed
Score 0/65 Timer 08:00
0 Plays Today
States served MEPS % Correct
NY/NJ/CTNew York City
84.3%
TXDallas
79.8%
CALos Angeles
78.7%
FLMiami
75.3%
GAAtlanta
73%
TXHouston
73%
CASan Diego
73%
LANew Orleans
71.9%
MO/ILSt. Louis
71.9%
ILChicago
70.8%
NJ/PAFort Dix
70.8%
SCFort Jackson
70.8%
MIDetroit
70.8%
MNMinneapolis
70.8%
TNNashville
70.8%
MA/RIBoston
69.7%
MO/KSKansas City
69.7%
ORPortland, OR
69.7%
CODenver
68.5%
INIndianapolis
68.5%
AZ/NVPhoenix
68.5%
PAPittsburgh
68.5%
WASeattle
68.5%
IDBoise
67.4%
MSJackson
67.4%
TNMemphis
67.4%
OHColumbus
66.3%
WIMilwaukee
66.3%
ME/NHPortland, ME
66.3%
OHCleveland
65.2%
OKOklahoma City
65.2%
NY/VTAlbany
64%
TXSan Antonio
64%
States served MEPS % Correct
ARLittle Rock
62.9%
FLTampa
62.9%
NYBuffalo
61.8%
HI/AS/GUHonolulu
61.8%
ALMontgomery
61.8%
IADes Moines
60.7%
UT/NV/WYSalt Lake City
60.7%
NCCharlotte
59.6%
FLJacksonville
59.6%
KYLouisville
59.6%
TX/NMEl Paso
58.4%
CASan Jose
58.4%
AKAnchorage
57.3%
MD/DCBaltimore
57.3%
NCRaleigh
57.3%
NEOmaha
56.2%
NMAlbuquerque
55.1%
VAFort Lee
53.9%
ND/MNFargo
50.6%
MILansing
49.4%
TNKnoxville
48.3%
PAHarrisburg
47.2%
CA/NVSacramento
46.1%
PR/VISan Juan
42.7%
LAShreveport
42.7%
TXAmarillo
41.6%
WASpokane
39.3%
SDSioux Falls
39.3%
NYSyracuse
39.3%
MA/CTSpringfield
34.8%
MT/WYButte
23.6%
WV/VABeckley
7.9%

You're not logged in!

Compare scores with friends on all Sporcle quizzes.
Join for Free
OR
Log In

You Might Also Like...

Show Comments

Extras

Top Quizzes Today


Score Distribution

Your Account Isn't Verified!

In order to create a playlist on Sporcle, you need to verify the email address you used during registration. Go to your Sporcle Settings to finish the process.

Report this User

Report this user for behavior that violates our Community Guidelines.

Details: